000
00303nam a22001337a 4500
008
170502b xxu||||| |||| 00| 0 eng d
020
_a
9781422477021
041
_a
eng
080
_2
4TH
_a
34
100
_a
14
101
_a
SHJ
245
_a
EVIDENCE LAW AND PRACTICE
_c
FRIEDLAND, S.I
942
_2
udc
_c
BK
999
_c
12434
_d
12434